| 000 | 00000nas 2200000za 4500 |
| 001 | 9.830619 |
| 003 | CaOODSP |
| 005 | 20250403105831 |
| 007 | cr ||||||||||| |
| 008 | 161208d19071910onc|| m|ss|||f000 ||fre|d |
| 040 | |aCaOODSP|bfre |
| 041 | |aeng|afre |
| 043 | |an-cn--- |
| 086 | 1 |aCS98-1901P-PDF|zCS98-1901P |
| 130 | 0 |aBulletin (Canada. Bureau du recensement et statistique) |
| 245 | 10|aBulletin |h[ressource électronique] / |cCensus and Statistics Bureau. |
| 246 | 3 |aRecensement et statistiques bulletin |
| 260 | |aOttawa : |bImprimé par S.E. Dawson,|c1907-1910. |
| 300 | |av. : |bill. |
| 500 | |aChaque bulletin comporte un titre distinct. |
| 500 | |aCertains numerous sont également publiés séparément sous différents numerous de catalogue. |
| 520 | |aBulletins de recensement et statistiques, relatifs à l 'agriculture. Les données sont extradites des relevé du recensement de 1901. |
| 546 | |aTexte en anglais et en français. Texte en français suit le texte anglais. Quelques livr. ont été publiés en anglais seulement. |
| 692 | 07|2gccst|aRecensement |
| 710 | 1 |aCanada.|bBureau du recensement et de la statistique. |
| 710 | 2 |aStatistique Canada. |
| 791 | |tBulletin |eeng|w(CaOODSP)9.828859 |